| 000 | 00584cam a22002291 4500 | ||
|---|---|---|---|
| 001 | sa 67002442 | ||
| 003 | DLC | ||
| 005 | 20260227112331.0 | ||
| 008 | 940615s1966 pk 000 0 urdo | ||
| 010 | _asa 67002442 | ||
| 025 | _aPL480:P-U-1553 | ||
| 035 | _a(OCoLC)30612424 | ||
| 040 |
_aDLC _cCU _dCU _dDLC |
||
| 042 | _apremarc | ||
| 050 | 0 | 0 |
_aPL248.N3 _bZ55 |
| 100 | 1 | _aʻAzīz, Sardār Muḥammad K̲h̲ān̲. | |
| 245 | 1 | 0 | _aMullā Naṣruddīn. |
| 260 | _c[1966] | ||
| 300 |
_a198 p. _c18 cm. |
||
| 500 | _aIn Urdu. | ||
| 650 | 0 | _aNasreddin Hoca (Legendary character). | |
| 999 |
_c73278 _d73278 |
||